| 000 | 01645nam a22004217a 4500 | ||
|---|---|---|---|
| 003 | CHAP | ||
| 005 | 20220817044240.0 | ||
| 008 | 090127s2008 mx r 00010 spa d | ||
| 010 | _a95705 | ||
| 011 | _a96677 | ||
| 035 | _a107333 | ||
| 040 | _cCHAP | ||
| 090 | _aTesis | ||
| 100 | 1 |
_aMerino Zamora, Oscar _974992 |
|
| 245 | 1 | 0 |
_aCaracterísticas de la ovinocultura apoyada por el programa fomento ganadero en el Estado de Guanajuato en el año 2005 _c/por Oscar Merino Zamora |
| 260 |
_aChapingo, Méx. : _bEl autor, _c2008 |
||
| 300 |
_axii, 109 h. : _bgráfs., cuadros |
||
| 502 | _aTesis (Ing. Agr. Esp. en Zootecnia) -- UACH. Departamento de Zootecnia | ||
| 530 | _aTambién disponible en línea | ||
| 590 |
_aALEPH _b10 _c20130110 _lUCH01 _h1526 |
||
| 590 |
_aBATCH-UPD _b10 _c20130110 _lUCH01 _h0622 |
||
| 590 |
_aBATCH-UPD _b10 _c20130410 _lUCH01 _h0304 |
||
| 590 |
_aBATCH-UPD _b10 _c20130914 _lUCH01 _h1513 |
||
| 590 |
_aBATCH-UPD _b10 _c20140324 _lUCH01 _h1508 |
||
| 590 |
_aBATCH-UPD _b10 _c20141002 _lUCH01 _h0838 |
||
| 590 |
_aCONVERSION _b10 _c20130109 _lUCH01 _h1353 |
||
| 650 | 1 | 4 |
_aAlianza para el progreso. _94095 |
| 650 | 1 | 4 |
_aGanado lanar _xAlimentación. _945153 |
| 650 | 1 | 4 |
_aGanado lanar _xGuanajuato. _945183 |
| 650 | 1 | 4 |
_aGanado lanar _xReproducción. _945220 |
| 650 | 1 | 4 |
_aPolítica agrícola _zMéxico. |
| 650 | 1 | 4 |
_aPolítica ganadera _zMéxico. |
| 856 |
_3Finding aid _uhttp://10.13.5.2/tesis/107333.pdf _zTeclea aqui |
||
| 901 | _aBK | ||
| 942 | _cFOLL | ||
| 949 |
_atesis _bBC _cTES _d33724002083363 _eTS2 _fc.2 _gDonaciØn _h48229 _i107333 _sb |
||
| 949 |
_atesis _bBC _cTES _d33724002083405 _eTS1 _gDonaciØn _h48228 _i107333 _sb |
||
| 999 |
_c95705 _d95705 |
||